15 yıl sonra 27 Mayıs yargılanıyor (Record no. 9538)

MARC details
000 -BAŞLIK
Sabit Uzunlukta Kontrol Alanı 00767na a2200253 4500
001 - KONTROL NUMARASI
Denetim Alanı 15627
003 - KONTROL NUMARASI IDENTIFIER
Denetim Alanı MIRAKIL
005 - SON İŞLEM TARİHİ VE ZAMANI
Denetim Alanı 20181213155250.0
008 - SABİT-BOY VERİ ELEMANLARI - GENEL BİLGİLER
Sabit Uzunlukta Kontrol Alanı 170623b tu 000 0
035 ## - SİSTEM KONTROL NUMARASI
Sistem Kontrol Numarası 15627
040 ## - KATALOGLAMA KAYNAK
Orijinal Kataloglama Ajansı Milas
Kataloglama Dili tur
Metne Dönüştürmek Ajansı TR-AnCHP
041 ## - DİL KODU
Metin / Ses Parça Veya Ayrı Başlığın Dil Kodu tur
082 ## - DEWEY ONLU SINIFLANDIRMA NUMARASI
Sınıflandırma Numarası 956.1036
Ürün Numarası I44b 1975
090 ## - SINIFLAMA NUMARASI
Sınıflama Numarası 956.1036 I44b 1975
100 ## - ANA GİRİŞ - KİŞİSEL İSİM
Kişisel Ad Ilıcak, Nazlı
Bir Adıyla İlişkilendirilen Tarihler 1944 -
245 ## - BAŞLIK TABLOSU
Başlık 15 yıl sonra 27 Mayıs yargılanıyor
Sorumluluk Tablosu, Vb Nazlı Ilıcak
260 ## - YAYIN, DAĞITIM, VB
Yayın, Dağıtım, Vb Yeri İstanbul
Yayıncı, Dağıtıcı, Vs Adı Kervan yayınları
Yayın, Dağıtım, Vb Tarihi 1975
300 ## - FİZİKSEL TANIM
Kapsam 2 c.
Boyutlar 24 sm.
490 ## - SERİSİ TABLOSU
Seri Beyanı Tarih serisi
Hacim / Ardışık Tanımı 12
500 ## - GENEL NOT
Genel Not 2 ciltlik bu eserin yalnızca 2. cildi kütüphanemizde bulunmaktadır.
650 ## - KONU KATMA GİRİŞ - TOPİKAL DÖNEM
Topikal Süreli Veya Coğrafi Ad Giriş Elemanı Tarih
Genel Alt Bölümü Siyasal tarih
Coğrafi Alt Bölümü Türkiye
650 ## - KONU KATMA GİRİŞ - TOPİKAL DÖNEM
Topikal Süreli Veya Coğrafi Ad Giriş Elemanı Askeri darbeler
Genel Alt Bölümü 27 Mayıs 1960
Coğrafi Alt Bölümü Türkiye
942 ## - EKLENDİ GİRİŞ ELEMANLARI (KOHA)
Sınıflandırma Veya Raf Düzeni Kaynak Dewey Decimal Classification
Koha Öğesi Türü Books
999 ## - SİSTEM KONTROL NUMARALARI (KOHA)
Koha Biblionumber 9538
Koha Biblioitemnumber 9538
Holdings
Kalıcı Konum Mevcut Konum Edinme Tarihi Edinim Kaynak Toplam Check-Out'Lar Tam Çağrı Numarası Barkod Tarih Son Görülme İtibaren Geçerli Fiyatlar Koha Öğesi Türü
CHP Kütüphanesi CHP Kütüphanesi 09/19/2016 Bağış   956.1036 I44b 1975 005565 09/19/2016 09/19/2016 Books